Central Library OPAC University of Rajshahi

The accounting sampler / (Record no. 15133)

MARC details
000 -LEADER
fixed length control field 00873nam a22003012 4500
001 - CONTROL NUMBER
control field 15133
003 - CONTROL NUMBER IDENTIFIER
rucl marc code BD-RjUL
005 - DATE AND TIME OF LATEST TRANSACTION
control field 20211208235745.0
008 - FIXED-LENGTH DATA ELEMENTS--GENERAL INFORMATION
fixed length control field 140209s1976 us b 001 0 eng d
020 ## - INTERNATIONAL STANDARD BOOK NUMBER
International Standard Book Number 0070092028
035 ## - SYSTEM CONTROL NUMBER
System control number (BD-RjUL)15187
040 ## - CATALOGING SOURCE
Original cataloging agency BD-RjUL
Language of cataloging eng
Transcribing agency BD-RjUL
Modifying agency BD-RjUL
041 ## - LANGUAGE CODE
Language code of text/sound track or separate title eng
082 ## - DEWEY DECIMAL CLASSIFICATION NUMBER
Classification number 657.08
Author mark and year BUA 1976
100 1# - MAIN ENTRY--PERSONAL NAME
Personal name Burns, Thomas Junior.
9 (RLIN) 47099
245 14 - TITLE STATEMENT
Title The accounting sampler /
Statement of responsibility, etc. Thomas J. Burns,
250 ## - EDITION STATEMENT
Edition statement 3rd ed
260 ## - PUBLICATION, DISTRIBUTION, ETC. (IMPRINT)
Place of publication, distribution, etc. New York :
Name of publisher, distributor, etc. McGraw-Hill,
Date of publication, distribution, etc. c1976
300 ## - PHYSICAL DESCRIPTION
Pagination xxvi, 595 p :
Size 24 cm.
490 1# - SERIES STATEMENT
Series statement McGraw-Hill accounting series
504 ## - BIBLIOGRAPHY, ETC. NOTE
Bibliography, etc Includes bibliographical references and index
650 #0 - SUBJECT ADDED ENTRY--TOPICAL TERM
Topical term or geographic name as entry element Accounting
9 (RLIN) 47100
700 1# - ADDED ENTRY--PERSONAL NAME
Personal name Hendrickson, Harvey S.
830 #0 - SERIES ADDED ENTRY--UNIFORM TITLE
Uniform title McGraw-Hill accounting series
942 ## - ADDED ENTRY ELEMENTS (KOHA)
Source of classification or shelving scheme Dewey Decimal Classification
Koha item type Books
Holdings
Lost status Source of classification or shelving scheme Damaged status Not for loan Collection code Permanent Location Current Location Shelving location Date acquired Source of acquisition Cost, normal purchase price Total Checkouts Full call number Date last seen Copy number Koha item type
  Dewey Decimal Classification   Not For Loan Non-fiction Central Library, University of Rajshahi Central Library, University of Rajshahi Reading Room 25/03/1980 Heffers 8.20   657.08 BUA 1976 09/02/2014 C-1 Books